000 02296nam a22002417a 4500
005 20250829134936.0
008 230130b ||||| |||| 00| 0 eng d
020 _a9789356060760
040 _cAL
041 _aEnglish
082 _223
_a150
_bCICP
100 _aSaundra K Ciccarelli and others
_9237638
245 _aPsychology
250 _a6
260 _aTamilnadu
_bPearson India Education Services Pvt Ltd
_c2022
300 _a679 p.
_bPB
_c25x20 cm.
365 _aABDI/0647/23
_b₹577.00
_c
_d₹770.00
_e25%
_f16-01-2023
520 _aPsychology by Saundra K. Ciccarelli, J. Noland White and Girishwar Misra is the best-selling title of Psychology and is known for its learner-centered approach that maximizes student engagement. The book, currently in its sixth edition, is enriched with updated and comprehensive text for the Indian audience. By introducing some of the key constructs from Indian tradition, the book tries to relate to the Indian socio-cultural context, and selectively presents the contemporary research done in India.The book has been designed and presented to guide students as new entrants to the discipline of Psychology. New Indian cases and perspectives have been added to draw students into the discipline by quoting real-life examples on how psychology relates to their own lives. Based on the recommended APA learning outcomes, each chapter has clear and focused learning objectives that support an engaging read through the materialFeatures- “In Your Words”, a thought-inspiring chapter opener question related to the chapter theme-APA-based “Learning Objectives” with emphasis on the learning pedagogy of Psychology-In-text “Practice Quizzes” for quick recapitulation and assessment of learning-Discussion-based “Thinking Critically” in-text questions-Beside-the-text snippets for reiterating definitions and terminology- “Applying Psychology to Everyday Life” suggests application and experience of the concept in real life- “Chapter Summary” captures bite-size review of complete chapter-End-of-chapter discussion questions “Test yourself” for learning assessment for the complete chapter
650 _aPsychology
_970126
700 _aWhite, J Noland
_970128
700 _aMisra, Girishwar
_970129
942 _2ddc
_cBK
999 _c226473
_d226473